[Event "Test Tournament"]
[Site "Emanuel Lasker Arena"]
[Date "2024.04.02"]
[Round "5"]
[White "CarlsenVomFach"]
[Black "Antonella"]
[Result "1-0"]
[WhiteElo "2069"]
[BlackElo "2109"]
[Annotator "RC"]
[PlyCount "107"]
[EventDate "2024.04.02"]
[EventType "swiss (blitz)"]

1. d4 {[%emt 0:00:01]} f5 {[%emt 0:00:01]} 2. g3 {[%emt 0:00:01]} Nf6 {[%emt 0:00:01]} 3. Bg2 {[%emt 0:00:01]} g6 {[%emt 0:00:01]} 4. Nf3 {[%emt 0:00:01]} Bg7 {[%emt 0:00:01]} 5. O-O {[%emt 0:00:01]} O-O {[%emt 0:00:01]} 6. b3 {[%emt 0:00:01]} d6 {[%emt 0:00:01]} 7. Bb2 {[%emt 0:00:01]} Ne4 {[%emt 0:00:01]} 8. c4 {[%emt 0:00:01]} Nc6 {[%emt 0:00:01]} 9. Nfd2 {[%emt 0:00:01]} Nxd2 {[%emt 0:00:01]} 10. Qxd2 {[%emt 0:00:00]} e5 {[%emt 0:00:01]} 11. dxe5 {[%emt 0:00:01]} dxe5 {[%emt 0:00:00]} 12. Qd5+ {[%emt 0:00:02]} Kh8 {[%emt 0:00:01]} 13. Qxd8 {[%emt 0:00:01]} Nxd8 {[%emt 0:00:01]} 14. Nc3 {[%emt 0:00:01]} e4 {[%emt 0:00:01]} 15. Rfd1 {[%emt 0:00:01]} c5 {[%emt 0:00:02]} 16. e3 {[%emt 0:00:03]} h5 {[%emt 0:00:01]} 17. Rd2 {[%emt 0:00:06]} g5 {[%emt 0:00:04]} 18. Rad1 {[%emt 0:00:04]} Nc6 {[%emt 0:00:02]} 19. Rd5 {[%emt 0:00:01]} Nb4 {[%emt 0:00:02]} 20. Rxc5 {[%emt 0:00:01]} Nd3 {[%emt 0:00:02]} 21. Rxd3 {[%emt 0:00:01]} exd3 {[%emt 0:00:01]} 22. Rd5 {[%emt 0:00:01]} f4 {[%emt 0:00:02]} 23. gxf4 {[%emt 0:00:01]} h4 {[%emt 0:00:01]} 24. fxg5 {[%emt 0:00:01]} a5 {[%emt 0:00:02]} 25. f4 {[%emt 0:00:01]} Bg4 {[%emt 0:00:02]} 26. h3 {[%emt 0:00:01]} Rae8 {[%emt 0:00:03]} 27. hxg4 {[%emt 0:00:01]} Rxe3 {[%emt 0:00:00]} 28. Kf2 {[%emt 0:00:01]} Rfe8 {[%emt 0:00:01]} 29. Bc1 {[%emt 0:00:01]} Rg3 {[%emt 0:00:02]} 30. Bd2 {[%emt 0:00:01]} Kg8 {[%emt 0:00:01]} 31. Bf3 {[%emt 0:00:01]} a4 {[%emt 0:00:01]} 32. Ne4 {[%emt 0:00:01]} axb3 {[%emt 0:00:01]} 33. axb3 {[%emt 0:00:01]} Rxf3+ {[%emt 0:00:01]} 34. Kxf3 {[%emt 0:00:00]} h3 {[%emt 0:00:01]} 35. Nf2 {[%emt 0:00:01]} h2 {[%emt 0:00:01]} 36. Kg3 {[%emt 0:00:01]} Re2 {[%emt 0:00:02]} 37. Rxd3 {[%emt 0:00:00]} Rxf2 {[%emt 0:00:01]} 38. Rd8+ {[%emt 0:00:01]} Kh7 {[%emt 0:00:01]} 39. g6+ {[%emt 0:00:01]} Kxg6 {[%emt 0:00:01]} 40. f5+ {[%emt 0:00:02]} Kh7 {[%emt 0:00:01]} 41. Rd7 {[%emt 0:00:02]} h1=Q {[%emt 0:00:01]} 42. Kxf2 {[%emt 0:00:00]} b6 {[%emt 0:00:02]} 43. Be3 {[%emt 0:00:01]} b5 {[%emt 0:00:01]} 44. cxb5 {[%emt 0:00:01]} Qb1 {[%emt 0:00:03]} 45. b6 {[%emt 0:00:01]} Qh1 {[%emt 0:00:01]} 46. g5 {[%emt 0:00:01]} Qe4 {[%emt 0:00:01]} 47. g6+ {[%emt 0:00:01]} Kg8 {[%emt 0:00:01]} 48. Rf7 {[%emt 0:00:01]} Be5 {[%emt 0:00:01]} 49. b7 {[%emt 0:00:01]} Qg4 {[%emt 0:00:01]} 50. b4 {[%emt 0:00:01]} Qg3+ {[%emt 0:00:01]} 51. Ke2 {[%emt 0:00:00]} Bc3 {[%emt 0:00:01]} 52. Kd3 {[%emt 0:00:01]} Bb2 {[%emt 0:00:01]} 53. Kc4 {[%emt 0:00:01]} Qe5 {[%emt 0:00:01]} 54. f6 {[%emt 0:00:01]} 1-0

[Event "Test Tournament"]
[Site "Emanuel Lasker Arena"]
[Date "2024.04.09"]
[Round "5"]
[White "Brutus"]
[Black "Toby Ziegler"]
[Result "1-0"]
[WhiteElo "2041"]
[BlackElo "2064"]
[Annotator "RC"]
[PlyCount "73"]
[EventDate "2024.04.09"]
[EventType "swiss (blitz)"]

1. d4 {[%emt 0:00:01]} Nf6 {[%emt 0:00:01]} 2. c4 {[%emt 0:00:01]} e6 {[%emt 0:00:01]} 3. Nf3 {[%emt 0:00:01]} d5 {[%emt 0:00:01]} 4. Nc3 {[%emt 0:00:01]} Be7 {[%emt 0:00:01]} 5. Bg5 {[%emt 0:00:01]} h6 {[%emt 0:00:01]} 6. Bxf6 {[%emt 0:00:01]} Bxf6 {[%emt 0:00:01]} 7. e3 {[%emt 0:00:01]} O-O {[%emt 0:00:01]} 8. Rc1 {[%emt 0:00:01]} c6 {[%emt 0:00:01]} 9. Bd3 {[%emt 0:00:01]} Nd7 {[%emt 0:00:01]} 10. O-O {[%emt 0:00:01]} Qe7 {[%emt 0:00:01]} 11. Qb3 {[%emt 0:00:01]} Rd8 {[%emt 0:00:01]} 12. h3 {[%emt 0:00:05]} g6 {[%emt 0:00:04]} 13. Rfd1 {[%emt 0:00:04]} Qd6 {[%emt 0:00:04]} 14. c5 {[%emt 0:00:06]} Qc7 {[%emt 0:00:03]} 15. a3 {[%emt 0:00:03]} b6 {[%emt 0:00:03]} 16. Na4 {[%emt 0:00:03]} b5 {[%emt 0:00:03]} 17. Nc3 {[%emt 0:00:01]} a5 {[%emt 0:00:03]} 18. g4 {[%emt 0:00:03]} a4 {[%emt 0:00:02]} 19. Qb4 {[%emt 0:00:02]} Re8 {[%emt 0:00:03]} 20. h4 {[%emt 0:00:02]} h5 {[%emt 0:00:02]} 21. gxh5 {[%emt 0:00:02]} gxh5 {[%emt 0:00:01]} 22. Ng5 {[%emt 0:00:02]} Nf8 {[%emt 0:00:02]} 23. f4 {[%emt 0:00:02]} Ng6 {[%emt 0:00:02]} 24. Kh1 {[%emt 0:00:02]} Nxf4 {[%emt 0:00:01]} 25. exf4 {[%emt 0:00:01]} Qxf4 {[%emt 0:00:01]} 26. Rg1 {[%emt 0:00:01]} Bxg5 {[%emt 0:00:01]} 27. Rxg5+ {[%emt 0:00:01]} Kf8 {[%emt 0:00:01]} 28. Rg2 {[%emt 0:00:01]} Qxc1+ {[%emt 0:00:01]} 29. Rg1 {[%emt 0:00:01]} Qf4 {[%emt 0:00:02]} 30. Kg2 {[%emt 0:00:01]} e5 {[%emt 0:00:01]} 31. dxe5 {[%emt 0:00:01]} Qxe5 {[%emt 0:00:01]} 32. Kh1 {[%emt 0:00:01]} Bg4 {[%emt 0:00:01]} 33. Rf1 {[%emt 0:00:01]} Qg3 {[%emt 0:00:03]} 34. Qf4 {[%emt 0:00:01]} Qxf4 {[%emt 0:00:01]} 35. Rxf4 {[%emt 0:00:01]} Re3 {[%emt 0:00:02]} 36. Bc2 {[%emt 0:00:01]} Rd8 {[%emt 0:00:02]} 37. Kg2 {[%emt 0:00:01] Time (Lag: Av=0.09s, max=1.0s)} 1-0

[Event "Test Tournament"]
[Site "Emanuel Lasker Arena"]
[Date "2024.04.09"]
[Round "5"]
[White "Antonella"]
[Black "Local Hero"]
[Result "1/2-1/2"]
[WhiteElo "2040"]
[BlackElo "1983"]
[Annotator "RC"]
[PlyCount "67"]
[EventDate "2024.04.09"]
[EventType "swiss (blitz)"]

1. e4 {[%emt 0:00:01]} e5 {[%emt 0:00:01]} 2. Nf3 {[%emt 0:00:01]} Nc6 {[%emt 0:00:01]} 3. Bb5 {[%emt 0:00:01]} a6 {[%emt 0:00:01]} 4. Ba4 {[%emt 0:00:01]} d6 {[%emt 0:00:01]} 5. O-O {[%emt 0:00:01]} Bd7 {[%emt 0:00:01]} 6. c3 {[%emt 0:00:01]} g6 {[%emt 0:00:01]} 7. d4 {[%emt 0:00:01]} Bg7 {[%emt 0:00:01]} 8. Be3 {[%emt 0:00:01]} Nf6 {[%emt 0:00:00]} 9. Nbd2 {[%emt 0:00:01]} O-O {[%emt 0:00:01]} 10. h3 {[%emt 0:00:01]} exd4 {[%emt 0:00:01]} 11. cxd4 {[%emt 0:00:01]} Re8 {[%emt 0:00:01]} 12. d5 {[%emt 0:00:04]} Na7 {[%emt 0:00:01]} 13. Qc2 {[%emt 0:00:04]} c6 {[%emt 0:00:04]} 14. Qd3 {[%emt 0:00:04]} Nb5 {[%emt 0:00:04]} 15. Rac1 {[%emt 0:00:03]} Qa5 {[%emt 0:00:03]} 16. Rc4 {[%emt 0:00:04]} cxd5 {[%emt 0:00:03]} 17. exd5 {[%emt 0:00:01]} h5 {[%emt 0:00:03]} 18. Re1 {[%emt 0:00:02]} Bf5 {[%emt 0:00:03]} 19. Qb3 {[%emt 0:00:02]} Nxd5 {[%emt 0:00:01]} 20. g4 {[%emt 0:00:02]} Be6 {[%emt 0:00:01]} 21. Bg5 {[%emt 0:00:02]} Nb6 {[%emt 0:00:02]} 22. Bxb5 {[%emt 0:00:02]} axb5 {[%emt 0:00:01]} 23. Rce4 {[%emt 0:00:02]} Bxb3 {[%emt 0:00:01]} 24. Rxe8+ {[%emt 0:00:01]} Rxe8 {[%emt 0:00:01]} 25. Rxe8+ {[%emt 0:00:01]} Kh7 {[%emt 0:00:01]} 26. axb3 {[%emt 0:00:01]} Qa1+ {[%emt 0:00:02]} 27. Kh2 {[%emt 0:00:01]} Nd5 {[%emt 0:00:02]} 28. Bd8 {[%emt 0:00:01]} Qxb2 {[%emt 0:00:02]} 29. Ng5+ {[%emt 0:00:01]} Kh6 {[%emt 0:00:01]} 30. Nxf7+ {[%emt 0:00:01]} Kh7 {[%emt 0:00:01]} 31. Ng5+ {[%emt 0:00:01]} Kh6 {[%emt 0:00:01]} 32. Nf7+ {[%emt 0:00:01]} Kh7 {[%emt 0:00:01]} 33. Ng5+ {[%emt 0:00:01]} Kh6 {[%emt 0:00:01]} 34. Nf7+ {[%emt 0:00:01] (Lag: Av=0.07s, max=0.3s)} 1/2-1/2

[Event "Test Tournament"]
[Site "Emanuel Lasker Arena"]
[Date "2024.04.09"]
[Round "5"]
[White "NicholasRenzi"]
[Black "Myopix"]
[Result "1-0"]
[WhiteElo "2016"]
[BlackElo "1965"]
[Annotator "RC"]
[PlyCount "41"]
[EventDate "2024.04.09"]
[EventType "swiss (blitz)"]

1. d4 {[%emt 0:00:02]} Nf6 {[%emt 0:00:02]} 2. c4 {[%emt 0:00:02]} e5 {[%emt 0:00:02]} 3. dxe5 {[%emt 0:00:01]} Ng4 {[%emt 0:00:01]} 4. Nf3 {[%emt 0:00:01]} Bc5 {[%emt 0:00:01]} 5. e3 {[%emt 0:00:01]} Nc6 {[%emt 0:00:02]} 6. Nc3 {[%emt 0:00:01]} O-O {[%emt 0:00:01]} 7. Be2 {[%emt 0:00:01]} Re8 {[%emt 0:00:01]} 8. O-O {[%emt 0:00:05]} Ngxe5 {[%emt 0:00:01]} 9. Nxe5 {[%emt 0:00:01]} Nxe5 {[%emt 0:00:02]} 10. Kh1 {[%emt 0:00:04]} d6 {[%emt 0:00:01]} 11. f4 {[%emt 0:00:01]} Qh4 {[%emt 0:00:14]} 12. g3 {[%emt 0:00:01]} g5 {[%emt 0:00:26]} 13. gxh4 {[%emt 0:00:01]} gxf4 {[%emt 0:00:01]} 14. exf4 {[%emt 0:00:01]} Ng6 {[%emt 0:00:02]} 15. f5 {[%emt 0:00:03]} Nxh4 {[%emt 0:00:01]} 16. Rg1+ {[%emt 0:00:03]} Bxg1 {[%emt 0:00:01]} 17. Qxg1+ {[%emt 0:00:01]} Ng6 {[%emt 0:00:01]} 18. fxg6 {[%emt 0:00:03]} hxg6 {[%emt 0:00:01]} 19. Be3 {[%emt 0:00:03]} Bh3 {[%emt 0:00:02]} 20. Nd5 {[%emt 0:00:02]} Re5 {[%emt 0:00:01]} 21. Qg3 {[%emt 0:00:02] Time (Lag: Av=0.11s, max=0.7s)} 1-0

[Event "Test Tournament"]
[Site "Emanuel Lasker Arena"]
[Date "2024.04.09"]
[Round "5"]
[White "Daenerys"]
[Black "Swindler"]
[Result "0-1"]
[WhiteElo "1922"]
[BlackElo "2226"]
[Annotator "RC"]
[PlyCount "44"]
[EventDate "2024.04.09"]
[EventType "swiss (blitz)"]

1. d4 {[%emt 0:00:02]} f5 {[%emt 0:00:01]} 2. c4 {[%emt 0:00:01]} Nf6 {[%emt 0:00:01]} 3. Nc3 {[%emt 0:00:01]} e6 {[%emt 0:00:01]} 4. Nf3 {[%emt 0:00:01]} Bb4 {[%emt 0:00:05]} 5. Qb3 {[%emt 0:00:01]} Nc6 {[%emt 0:00:01]} 6. Ne5 {[%emt 0:00:01]} Nxd4 {[%emt 0:00:01]} 7. Qa4 {[%emt 0:00:05]} Bxc3+ {[%emt 0:00:01]} 8. bxc3 {[%emt 0:00:01]} Nc6 {[%emt 0:00:01]} 9. h4 {[%emt 0:00:15]} Nxe5 {[%emt 0:00:01]} 10. h5 {[%emt 0:00:03]} Ne4 {[%emt 0:00:04]} 11. c5 {[%emt 0:00:02]} O-O {[%emt 0:00:04]} 12. g4 {[%emt 0:00:02]} d5 {[%emt 0:00:01]} 13. Bf4 {[%emt 0:00:02]} Bd7 {[%emt 0:00:01]} 14. Qb4 {[%emt 0:00:03]} Nxg4 {[%emt 0:00:01]} 15. Qxb7 {[%emt 0:00:01]} Ngxf2 {[%emt 0:00:01]} 16. Rg1 {[%emt 0:00:02]} Qh4 {[%emt 0:00:03]} 17. c6 {[%emt 0:00:01]} Nd3+ {[%emt 0:00:03]} 18. Kd1 {[%emt 0:00:01]} Qe1+ {[%emt 0:00:02]} 19. Kc2 {[%emt 0:00:01]} Qxc3+ {[%emt 0:00:01]} 20. Kb1 {[%emt 0:00:01]} Nxf4 {[%emt 0:00:02]} 21. Rxg7+ {[%emt 0:00:01]} Kxg7 {[%emt 0:00:01]} 22. cxd7 {[%emt 0:00:01]} Nd2# {[%emt 0:00:02] (Lag: Av=0.05s, max=0.1s)} 0-1

[Event "Test Tournament"]
[Site "Emanuel Lasker Arena"]
[Date "2024.04.09"]
[Round "5"]
[White "Zimtowitch"]
[Black "Dominatrix"]
[Result "1-0"]
[WhiteElo "1896"]
[BlackElo "1733"]
[Annotator "NA RC"]
[PlyCount "85"]
[EventDate "2024.04.09"]
[EventType "swiss (blitz)"]

1. e4 {[%emt 0:00:01]} c5 {[%emt 0:00:01]} 2. Nf3 {[%emt 0:00:01]} d6 {[%emt 0:00:01]} 3. d4 {[%emt 0:00:01]} cxd4 {[%emt 0:00:02]} 4. Nxd4 {[%emt 0:00:01]} Nf6 {[%emt 0:00:02]} 5. Nc3 {[%emt 0:00:01]} g6 {[%emt 0:00:01]} 6. Be3 {[%emt 0:00:01]} a6 {[%emt 0:00:02]} 7. Qd2 {[%emt 0:00:05]} Ng4 {[%emt 0:00:01]} 8. Bf4 {[%emt 0:00:01]} e5 {[%emt 0:00:04]} 9. h3 {[%emt 0:00:01]} exd4 {[%emt 0:00:01]} 10. Qxd4 {[%emt 0:00:01]} Qf6 {[%emt 0:00:05]} 11. Qc4 {[%emt 0:00:04]} Be6 {[%emt 0:00:04]} 12. Nd5 {[%emt 0:00:04]} Bxd5 {[%emt 0:00:01]} 13. exd5 {[%emt 0:00:01]} g5 {[%emt 0:00:04]} 14. Qc8+ {[%emt 0:00:01]} Ke7 {[%emt 0:00:01]} 15. hxg4 {[%emt 0:00:01]} gxf4 {[%emt 0:00:01]} 16. O-O-O {[%emt 0:00:01]} Qxb2+ {[%emt 0:00:02]} 17. Kxb2 {[%emt 0:00:01]} Bg7+ {[%emt 0:00:01]} 18. Qc3 {[%emt 0:00:01]} Bxc3+ {[%emt 0:00:01]} 19. Kxc3 {[%emt 0:00:01]} b5 {[%emt 0:00:02]} 20. Rh6 {[%emt 0:00:03]} Nd7 {[%emt 0:00:02]} 21. Rd4 {[%emt 0:00:02]} Rac8+ {[%emt 0:00:02]} 22. Kd2 {[%emt 0:00:02]} Ne5 {[%emt 0:00:02]} 23. Bd3 {[%emt 0:00:01]} Nxg4 {[%emt 0:00:00]} 24. Re4+ {[%emt 0:00:03]} Kd7 {[%emt 0:00:01]} 25. Rh4 {[%emt 0:00:02]} Nxf2 {[%emt 0:00:00]} 26. Rexf4 {[%emt 0:00:01]} Nxd3 {[%emt 0:00:01]} 27. Kxd3 {[%emt 0:00:01]} Rhg8 {[%emt 0:00:01]} 28. Rxf7+ {[%emt 0:00:01]} Ke8 {[%emt 0:00:01]} 29. Rhxh7 {[%emt 0:00:01]} Rxg2 {[%emt 0:00:01]} 30. Ra7 {[%emt 0:00:01]} Kf8 {[%emt 0:00:02]} 31. Rab7 {[%emt 0:00:01]} Kg8 {[%emt 0:00:01]} 32. c3 {[%emt 0:00:01]} Rc4 {[%emt 0:00:01]} 33. a4 {[%emt 0:00:01]} Ra2 {[%emt 0:00:01]} 34. Rhg7+ {[%emt 0:00:01]} Kf8 {[%emt 0:00:01]} 35. axb5 {[%emt 0:00:01]} axb5 {[%emt 0:00:01]} 36. Rgd7 {[%emt 0:00:01]} Ke8 {[%emt 0:00:01]} 37. Rxd6 {[%emt 0:00:01]} Rg2 {[%emt 0:00:01]} 38. Re6+ {[%emt 0:00:01]} Kd8 {[%emt 0:00:01]} 39. Rxb5 {[%emt 0:00:01]} Rc7 {[%emt 0:00:01]} 40. Rb8+ {[%emt 0:00:01]} Kd7 {[%emt 0:00:01]} 41. Re3 {[%emt 0:00:01]} Kd6 {[%emt 0:00:01]} 42. c4 {[%emt 0:00:01]} Ra2 {[%emt 0:00:01] '} 43. Ree8 {[%emt 0:00:01] (Lag: Av=0.09s, max=0.5s)} 1-0

[Event "Test Tournament"]
[Site "Emanuel Lasker Arena"]
[Date "2024.04.09"]
[Round "5"]
[White "Sunset"]
[Black "RCFlyer"]
[Result "1-0"]
[WhiteElo "1878"]
[BlackElo "1977"]
[Annotator "RC"]
[PlyCount "61"]
[EventDate "2024.04.09"]
[EventType "swiss (blitz)"]

1. Nf3 {[%emt 0:00:01]} d5 {[%emt 0:00:01]} 2. g3 {[%emt 0:00:01]} c6 {[%emt 0:00:06]} 3. Bg2 {[%emt 0:00:01]} Bg4 {[%emt 0:00:01]} 4. c4 {[%emt 0:00:01]} e6 {[%emt 0:00:01]} 5. cxd5 {[%emt 0:00:01]} exd5 {[%emt 0:00:02]} 6. h3 {[%emt 0:00:05]} Bc5 {[%emt 0:00:12]} 7. hxg4 {[%emt 0:00:01]} Nf6 {[%emt 0:00:02]} 8. Qa4 {[%emt 0:00:01]} Ne4 {[%emt 0:00:03]} 9. d4 {[%emt 0:00:04]} b5 {[%emt 0:00:14]} 10. Qb3 {[%emt 0:00:04]} Qa5+ {[%emt 0:00:02]} 11. Nc3 {[%emt 0:00:03]} Bb4 {[%emt 0:00:02]} 12. Bf4 {[%emt 0:00:03]} h6 {[%emt 0:00:01]} 13. O-O {[%emt 0:00:03]} Bxc3 {[%emt 0:00:01]} 14. bxc3 {[%emt 0:00:01]} g5 {[%emt 0:00:01]} 15. Ne5 {[%emt 0:00:02]} Nxc3 {[%emt 0:00:01]} 16. Be3 {[%emt 0:00:02]} Nxe2+ {[%emt 0:00:01]} 17. Kh1 {[%emt 0:00:01]} h5 {[%emt 0:00:01]} 18. Bxg5 {[%emt 0:00:01]} Nd7 {[%emt 0:00:01]} 19. Nxc6 {[%emt 0:00:01]} hxg4+ {[%emt 0:00:01]} 20. Bh4 {[%emt 0:00:01]} Qd2 {[%emt 0:00:01]} 21. Qxd5 {[%emt 0:00:01]} Nb6 {[%emt 0:00:01]} 22. Qxb5 {[%emt 0:00:02]} Rh6 {[%emt 0:00:01]} 23. Ne5+ {[%emt 0:00:02]} Kf8 {[%emt 0:00:01]} 24. Bxa8 {[%emt 0:00:02]} a5 {[%emt 0:00:01]} 25. Rfd1 {[%emt 0:00:01]} Rxh4+ {[%emt 0:00:01]} 26. gxh4 {[%emt 0:00:01]} Qc3 {[%emt 0:00:01]} 27. Qc5+ {[%emt 0:00:01]} Qxc5 {[%emt 0:00:01]} 28. dxc5 {[%emt 0:00:01]} Nxa8 {[%emt 0:00:00]} 29. Nxg4 {[%emt 0:00:01]} Nc3 {[%emt 0:00:01]} 30. Rd7 {[%emt 0:00:02]} f5 {[%emt 0:00:01] '} 31. c6 {[%emt 0:00:02] (Lag: Av=0.09s, max=0.7s)} 1-0

[Event "Test Tournament"]
[Site "Emanuel Lasker Arena"]
[Date "2024.04.09"]
[Round "5"]
[White "Botwinzig"]
[Black "Chartwell"]
[Result "0-1"]
[WhiteElo "1810"]
[BlackElo "2149"]
[Annotator "RC"]
[PlyCount "56"]
[EventDate "2024.04.09"]
[EventType "swiss (blitz)"]

1. e4 {[%emt 0:00:01]} e5 {[%emt 0:00:01]} 2. Nf3 {[%emt 0:00:01]} Nc6 {[%emt 0:00:01]} 3. Bb5 {[%emt 0:00:01]} a6 {[%emt 0:00:01]} 4. Ba4 {[%emt 0:00:02]} Nf6 {[%emt 0:00:01]} 5. O-O {[%emt 0:00:01]} Be7 {[%emt 0:00:01]} 6. Re1 {[%emt 0:00:02]} b5 {[%emt 0:00:01]} 7. Bb3 {[%emt 0:00:07]} O-O {[%emt 0:00:01]} 8. c3 {[%emt 0:00:01]} d6 {[%emt 0:00:01]} 9. h3 {[%emt 0:00:02]} Bb7 {[%emt 0:00:01]} 10. d4 {[%emt 0:00:01]} Re8 {[%emt 0:00:01]} 11. Nbd2 {[%emt 0:00:01]} Bf8 {[%emt 0:00:01]} 12. a3 {[%emt 0:00:01]} h6 {[%emt 0:00:01]} 13. Bc2 {[%emt 0:00:01]} Nb8 {[%emt 0:00:01]} 14. b4 {[%emt 0:00:01]} Nbd7 {[%emt 0:00:01]} 15. a4 {[%emt 0:00:03]} d5 {[%emt 0:00:01]} 16. dxe5 {[%emt 0:00:01]} Nxe5 {[%emt 0:00:01]} 17. Nxe5 {[%emt 0:00:00]} Rxe5 {[%emt 0:00:01]} 18. Nb3 {[%emt 0:00:03]} dxe4 {[%emt 0:00:01]} 19. Qxd8 {[%emt 0:00:01]} Rxd8 {[%emt 0:00:01]} 20. Na5 {[%emt 0:00:02]} Bd5 {[%emt 0:00:04]} 21. Rd1 {[%emt 0:00:03]} Bd6 {[%emt 0:00:03]} 22. Bf4 {[%emt 0:00:02]} Ree8 {[%emt 0:00:07]} 23. Bc1 {[%emt 0:00:02]} c5 {[%emt 0:00:02]} 24. Rb1 {[%emt 0:00:02]} c4 {[%emt 0:00:03]} 25. Ra1 {[%emt 0:00:01]} Bc7 {[%emt 0:00:02]} 26. axb5 {[%emt 0:00:01]} axb5 {[%emt 0:00:01]} 27. Rd4 {[%emt 0:00:01]} Be6 {[%emt 0:00:02]} 28. Nc6 {[%emt 0:00:01]} Rd6 {[%emt 0:00:02] Time (Lag: Av=0.11s, max=0.7s) .} 0-1

[Event "Test Tournament"]
[Site "Emanuel Lasker Arena"]
[Date "2024.04.09"]
[Round "5"]
[White "Bauernklopper"]
[Black "Lord Grantham"]
[Result "0-1"]
[WhiteElo "1620"]
[BlackElo "1766"]
[Annotator "NA RC"]
[PlyCount "76"]
[EventDate "2024.04.09"]
[EventType "swiss (blitz)"]

1. d4 {[%emt 0:00:01]} d5 {[%emt 0:00:01]} 2. c4 {[%emt 0:00:01]} e6 {[%emt 0:00:01]} 3. Nf3 {[%emt 0:00:01]} Nf6 {[%emt 0:00:01]} 4. g3 {[%emt 0:00:01]} Bb4+ {[%emt 0:00:01]} 5. Bd2 {[%emt 0:00:01]} Be7 {[%emt 0:00:01]} 6. Bg2 {[%emt 0:00:01]} O-O {[%emt 0:00:01]} 7. O-O {[%emt 0:00:01]} Nbd7 {[%emt 0:00:01]} 8. Qc2 {[%emt 0:00:01]} c5 {[%emt 0:00:01]} 9. dxc5 {[%emt 0:00:01]} Nxc5 {[%emt 0:00:01]} 10. cxd5 {[%emt 0:00:02]} Nxd5 {[%emt 0:00:01]} 11. Rc1 {[%emt 0:00:04]} Qb6 {[%emt 0:00:04]} 12. Bg5 {[%emt 0:00:04]} Nb4 {[%emt 0:00:04]} 13. Qc3 {[%emt 0:00:04]} Ne4 {[%emt 0:00:03]} 14. Qe5 {[%emt 0:00:01]} Qxf2+ {[%emt 0:00:01]} 15. Kh1 {[%emt 0:00:01]} Nxg5 {[%emt 0:00:01]} 16. Nxg5 {[%emt 0:00:01]} Rd8 {[%emt 0:00:03]} 17. Na3 {[%emt 0:00:08]} Rd2 {[%emt 0:00:03]} 18. Bf3 {[%emt 0:00:03]} Nd3 {[%emt 0:00:03]} 19. Qb5 {[%emt 0:00:02]} Bf8 {[%emt 0:00:02]} 20. Rc7 {[%emt 0:00:02]} Ne1 {[%emt 0:00:02]} 21. Rxe1 {[%emt 0:00:02]} Qxe1+ {[%emt 0:00:01]} 22. Kg2 {[%emt 0:00:01]} a6 {[%emt 0:00:02]} 23. Qe8 {[%emt 0:00:02]} Rxe2+ {[%emt 0:00:03]} 24. Bxe2 {[%emt 0:00:01]} Qxe2+ {[%emt 0:00:01]} 25. Kg1 {[%emt 0:00:01]} Qe1+ {[%emt 0:00:02]} 26. Kg2 {[%emt 0:00:01]} Qd2+ {[%emt 0:00:01]} 27. Kh3 {[%emt 0:00:01]} e5+ {[%emt 0:00:01]} 28. Rxc8 {[%emt 0:00:01]} Rxc8 {[%emt 0:00:01]} 29. Qxc8 {[%emt 0:00:01]} Qxg5 {[%emt 0:00:01]} 30. Qxb7 {[%emt 0:00:01]} Qf5+ {[%emt 0:00:01]} 31. Kg2 {[%emt 0:00:01]} e4 {[%emt 0:00:01]} 32. Qxa6 {[%emt 0:00:01]} Qf3+ {[%emt 0:00:01]} 33. Kh3 {[%emt 0:00:01]} e3 {[%emt 0:00:01]} 34. Qb5 {[%emt 0:00:01]} e2 {[%emt 0:00:01]} 35. b4 {[%emt 0:00:01]} e1=Q {[%emt 0:00:01]} 36. Nc4 {[%emt 0:00:01]} Qe6+ {[%emt 0:00:01]} 37. Kh4 {[%emt 0:00:01]} Be7+ {[%emt 0:00:01]} 38. Qg5 {[%emt 0:00:00]} Qeg4# {[%emt 0:00:01] (Lag: Av=0.11s, max=0.8s)} 0-1

[Event "Test Tournament"]
[Site "Emanuel Lasker Arena"]
[Date "2024.04.09"]
[Round "5"]
[White "Ceres"]
[Black "Stratospheric"]
[Result "0-1"]
[WhiteElo "1620"]
[BlackElo "1620"]
[Annotator "NA RC"]
[PlyCount "34"]
[EventDate "2024.04.09"]
[EventType "swiss (blitz)"]

1. d4 {[%emt 0:00:02]} d5 {[%emt 0:00:01]} 2. e3 {[%emt 0:00:01]} e6 {[%emt 0:00:01]} 3. c4 {[%emt 0:00:01]} c6 {[%emt 0:00:01]} 4. Nf3 {[%emt 0:00:05]} Nf6 {[%emt 0:00:05]} 5. Nbd2 {[%emt 0:00:01]} c5 {[%emt 0:00:01]} 6. b3 {[%emt 0:00:02]} cxd4 {[%emt 0:00:01]} 7. exd4 {[%emt 0:00:01]} Nc6 {[%emt 0:00:04]} 8. Be2 {[%emt 0:00:04]} dxc4 {[%emt 0:00:01]} 9. bxc4 {[%emt 0:00:01]} Nxd4 {[%emt 0:00:01]} 10. Nxd4 {[%emt 0:00:01]} Qxd4 {[%emt 0:00:01]} 11. Rb1 {[%emt 0:00:04]} Bd6 {[%emt 0:00:08]} 12. a3 {[%emt 0:00:03]} O-O {[%emt 0:00:03]} 13. Nf3 {[%emt 0:00:08]} Qxd1+ {[%emt 0:00:03]} 14. Bxd1 {[%emt 0:00:01]} Bd7 {[%emt 0:00:02]} 15. Rxb7 {[%emt 0:00:00]} Rfb8 {[%emt 0:00:02]} 16. O-O {[%emt 0:00:23]} Rxb7 {[%emt 0:00:01]} 17. h3 {[%emt 0:00:02] .} Rb1 {[%emt 0:00:04]} 0-1

[Event "Test Tournament"]
[Site "Emanuel Lasker Arena"]
[Date "2024.04.09"]
[Round "5"]
[White "Einpassant"]
[Black "Klaus Junge"]
[Result "0-1"]
[WhiteElo "1620"]
[BlackElo "1620"]
[Annotator "NA RC"]
[PlyCount "70"]
[EventDate "2024.04.09"]
[EventType "swiss (blitz)"]

1. Nf3 {[%emt 0:00:01]} c6 {[%emt 0:00:01]} 2. e4 {[%emt 0:00:06]} d5 {[%emt 0:00:01]} 3. Nc3 {[%emt 0:00:01]} dxe4 {[%emt 0:00:01]} 4. Nxe4 {[%emt 0:00:01]} Nf6 {[%emt 0:00:01]} 5. Nxf6+ {[%emt 0:00:01]} exf6 {[%emt 0:00:01]} 6. Bc4 {[%emt 0:00:01]} Bd6 {[%emt 0:00:01]} 7. Qe2+ {[%emt 0:00:01]} Qe7 {[%emt 0:00:01]} 8. d3 {[%emt 0:00:04]} Qxe2+ {[%emt 0:00:01]} 9. Kxe2 {[%emt 0:00:01]} O-O {[%emt 0:00:03]} 10. Be3 {[%emt 0:00:01]} Re8 {[%emt 0:00:02]} 11. Nd4 {[%emt 0:00:02]} Bg4+ {[%emt 0:00:04]} 12. f3 {[%emt 0:00:03]} Bf4 {[%emt 0:00:04]} 13. fxg4 {[%emt 0:00:01]} Bxe3 {[%emt 0:00:01]} 14. Nf5 {[%emt 0:00:03]} Bc1+ {[%emt 0:00:03]} 15. Kf3 {[%emt 0:00:03]} Bxb2 {[%emt 0:00:01]} 16. Rae1 {[%emt 0:00:03]} Nd7 {[%emt 0:00:03]} 17. d4 {[%emt 0:00:02]} b5 {[%emt 0:00:03]} 18. Bb3 {[%emt 0:00:02]} g6 {[%emt 0:00:03]} 19. Ne7+ {[%emt 0:00:02]} Kg7 {[%emt 0:00:02]} 20. Nxc6 {[%emt 0:00:01]} g5 {[%emt 0:00:02]} 21. g3 {[%emt 0:00:02]} Rac8 {[%emt 0:00:02]} 22. Nxa7 {[%emt 0:00:01]} Rc3+ {[%emt 0:00:01]} 23. Kg2 {[%emt 0:00:01]} Re6 {[%emt 0:00:02]} 24. Nxb5 {[%emt 0:00:01]} Ra6 {[%emt 0:00:02]} 25. Nxc3 {[%emt 0:00:01]} Bxc3 {[%emt 0:00:01]} 26. Re7 {[%emt 0:00:03]} Nb6 {[%emt 0:00:01]} 27. Rf1 {[%emt 0:00:01]} Bxd4 {[%emt 0:00:01]} 28. Rxf7+ {[%emt 0:00:01]} Kg6 {[%emt 0:00:01]} 29. Rb7 {[%emt 0:00:02]} Ra5 {[%emt 0:00:01]} 30. Rf5 {[%emt 0:00:02]} Ra3 {[%emt 0:00:01]} 31. c3 {[%emt 0:00:02]} Be3 {[%emt 0:00:01]} 32. Kh3 {[%emt 0:00:02]} h6 {[%emt 0:00:01]} 33. Re7 {[%emt 0:00:02]} Bg1 {[%emt 0:00:01]} 34. Kg2 {[%emt 0:00:02]} h5 {[%emt 0:00:01]} 35. Kxg1 {[%emt 0:00:01] .} h4 {[%emt 0:00:01]} 0-1